| 000 | 00352nam a2200145Ia 4500 | ||
|---|---|---|---|
| 008 | 230711s9999||||xx |||||||||||||| ||und|| | ||
| 041 | _aENG | ||
| 082 |
_a621 _bGO-I |
||
| 100 | _aPrasad,Gorakh | ||
| 245 | 2 | _aA textbook of integral calculus | |
| 250 | _a1st Ed. | ||
| 260 |
_c1989 _aAllahabad _bPothi Shala pvt Ltd |
||
| 650 | _aMathematics | ||
| 942 | _cBK | ||
| 999 |
_c352 _d352 |
||